000 01010nam a22003017a 4500
003 CHAP
005 20220329141638.0
008 971013s1958 r 00010 d
010 _a71577
011 _a72549
035 _a82105
040 _cCHAP
082 _a634.9097281
_bA38
100 0 0 _aAguilar Girón, José Ignacio.
_92715
245 _aIniciando el estudio de las sabanas, árboles maderables y otras especies útiles de la flora petenera
260 _aGuatemala :
_bFinca Nacional La Aurora,
_c1958
300 _a92 p.
590 _aBATCH-UPD
_b10
_c20130110
_lUCH01
_h0507
590 _aBATCH-UPD
_b10
_c20130110
_lUCH01
_h2346
590 _aBATCH-UPD
_b10
_c20130410
_lUCH01
_h0145
590 _aBATCH-UPD
_b10
_c20130913
_lUCH01
_h2311
590 _aCONVERSION
_b10
_c20130109
_lUCH01
_h1339
650 1 4 _aÁrboles
_xGuatemala.
_96606
650 1 4 _aBotánica económica
_xGuatemala.
_914664
901 _aBK
942 _cLIBRO
949 _a634.9097281 A38
_bBC
_cBPA
_d-35931
_eBPA
_h28130
_i82105
_mD.
_si
999 _c71577
_d71577